[Event "Berlin op 10"]
[Site "Berlin"]
[Date "2005.11.10"]
[Round "5"]
[White "Brandt, Fred"]
[Black "Rama, Ismajl"]
[Result "0-1"]
[WhiteElo "1639"]
[BlackElo "1790"]
[PlyCount "80"]
[EventDate "2005.10.13"]
[EventType "swiss"]
[EventRounds "7"]
[EventCountry "GER"]
[SourceTitle "EXT 2007"]
[Source "ChessBase"]
[SourceDate "2006.11.23"]
[SourceVersion "1"]
[SourceVersionDate "2006.11.23"]
[SourceQuality "1"]

1. d4 d5 2. Nf3 Nf6 3. e3 Bg4 4. Bd3 e6 5. Nbd2 Nbd7 6. h3 Bh5 7. c3 Bd6 8. 0-0 0-0 9. Re1 c5 10. Qc2 Bxf3 11. Nxf3 c4 12. Be2 Rc8 13. Nd2 Ne8 14. e4 f5 15. exf5 exf5 16. Nf3 f4 17. Bf1 Rc6 18. Bd2 h6 19. Re2 Qf6 20. Rae1 Nc7 21. Nh2 g5 22. Ng4 Qg7 23. f3 h5 24. Nf2 Nf6 25. Qc1 Kh8 26. b3 b5 27. b4 Ng8 28. Qc2 Nh6 29. Ra1 g4 30. hxg4 hxg4 31. Nxg4 Nxg4 32. fxg4 Qxg4 33. Be1 f3 34. Re3 Qf4 35. Rxf3 Qh2+ 36. Kf2 Bg3+ 37. Ke2 Re6+ 38. Re3 Rxe3+ 39. Kxe3 Qh6+ 40. Ke2 Re8+ 0-1

[Event "Berlin op 10"]
[Site "Berlin"]
[Date "2005.11.03"]
[Round "4"]
[White "Rama, Ismajl"]
[Black "Von Loehneysen, Leonard"]
[Result "0-1"]
[WhiteElo "1790"]
[BlackElo "1981"]
[PlyCount "118"]
[EventDate "2005.10.13"]
[EventType "swiss"]
[EventRounds "7"]
[EventCountry "GER"]
[SourceTitle "EXT 2007"]
[Source "ChessBase"]
[SourceDate "2006.11.23"]
[SourceVersion "1"]
[SourceVersionDate "2006.11.23"]
[SourceQuality "1"]

1. d4 Nf6 2. c4 c5 3. dxc5 Qa5+ 4. Nc3 Qxc5 5. e4 d6 6. Be3 Qa5 7. f3 Nc6 8. Bd3 g6 9. Nge2 Bg7 10. 0-0 0-0 11. Qd2 Bd7 12. a3 a6 13. b4 Qd8 14. Rac1 Ne5 15. Nd5 Nxd5 16. cxd5 Nxd3 17. Qxd3 Bb5 18. Qd2 a5 19. Rfe1 axb4 20. axb4 Qd7 21. Bb6 Rfc8 22. Rxc8+ Rxc8 23. Rc1 Rxc1+ 24. Nxc1 Ba6 25. Kf2 Qb5 26. Be3 Qf1+ 27. Kg3 Qc4 28. Na2 Bb5 29. Qc1 Be5+ 30. f4 Bf6 31. Qxc4 Bxc4 32. Nc1 Bc3 33. Kf3 Bxb4 34. Bd4 f5 35. Bb2 b5 36. Ke3 Bc5+ 37. Bd4 Ba3 38. Nd3 Bxd3 39. Kxd3 fxe4+ 40. Kxe4 Bc5 41. Bc3 Kf7 42. g4 e6 43. h3 Ba3 44. Kd3 exd5 45. f5 gxf5 46. gxf5 Bc5 47. Bh8 d4 48. Kc2 d5 49. Kd3 b4 50. Kc2 h5 51. Be5 Be7 52. Bxd4 Bf6 53. Bc5 Bc3 54. Kd3 Kf6 55. Be3 Kxf5 56. Bh6 d4 57. Bc1 b3 58. Bh6 b2 59. Kc2 Ke4 0-1

[Event "Berlin op 10"]
[Site "Berlin"]
[Date "2005.10.20"]
[Round "2"]
[White "Rama, Ismajl"]
[Black "Gnass, Erhard"]
[Result "1-0"]
[WhiteElo "1790"]
[BlackElo "1467"]
[PlyCount "83"]
[EventDate "2005.10.13"]
[EventType "swiss"]
[EventRounds "7"]
[EventCountry "GER"]
[SourceTitle "EXT 2007"]
[Source "ChessBase"]
[SourceDate "2006.11.23"]
[SourceVersion "1"]
[SourceVersionDate "2006.11.23"]
[SourceQuality "1"]

1. d4 Nf6 2. c4 e6 3. Nc3 Be7 4. e4 d6 5. Nf3 0-0 6. Bd3 c5 7. dxc5 dxc5 8. Qc2 Ne8 9. e5 g6 10. Bh6 Ng7 11. Rd1 Qc7 12. 0-0 Nc6 13. Qe2 a6 14. Bb1 b6 15. Bf4 Bb7 16. Ne4 Rad8 17. Nd6 Nf5 18. Bxf5 gxf5 19. Bh6 Bxd6 20. exd6 Rxd6 21. Qe3 f6 22. Bxf8 Kxf8 23. Qh6+ Kg8 24. Qxf6 Rxd1 25. Rxd1 Bc8 26. Rd3 Qg7 27. Qxg7+ Kxg7 28. Rd6 Na5 29. Rxb6 Kf6 30. b3 f4 31. Rb8 Bb7 32. Rf8+ Kg7 33. Rxf4 Nc6 34. Kf1 a5 35. Rg4+ Kf6 36. Rh4 Kg6 37. Ne1 h5 38. Nd3 Kg5 39. Rf4 Nd4 40. h4+ Kg6 41. Ne5+ Kg7 42. Rf7+ 1-0

[Event "Berlin op 04"]
[Site "Berlin"]
[Date "2004.04.11"]
[Round "2"]
[White "Rama, Ismajl"]
[Black "Steffen, Rico"]
[Result "1/2-1/2"]
[WhiteElo "1755"]
[BlackElo "1977"]
[PlyCount "85"]
[EventDate "2004.04.10"]
[EventType "swiss"]
[EventRounds "9"]
[EventCountry "GER"]
[SourceTitle "EXT 2007"]
[Source "ChessBase"]
[SourceDate "2006.11.23"]
[SourceVersion "1"]
[SourceVersionDate "2006.11.23"]
[SourceQuality "1"]

1. d4 d5 2. Nf3 Nf6 3. c4 c6 4. Nc3 dxc4 5. a4 Bf5 6. e3 e6 7. Bxc4 Bb4 8. 0-0 Nbd7 9. Qb3 a5 10. Na2 c5 11. Nxb4 cxb4 12. Ne5 0-0 13. f3 Rc8 14. e4 Nxe5 15. dxe5 Qd4+ 16. Be3 Qxc4 17. Qxc4 Rxc4 18. exf6 Bg6 19. fxg7 Kxg7 20. Rac1 Rfc8 21. Rxc4 Rxc4 22. Rc1 Rxc1+ 23. Bxc1 Kf6 24. Be3 Ke5 25. Bb6 Kd6 26. Bxa5 Kc5 27. Bd8 f5 28. exf5 Bxf5 29. Bf6 Bc2 30. Kf2 Bxa4 31. Ke3 Kd5 32. f4 Bd1 33. h3 Bh5 34. g4 Bg6 35. h4 Bb1 36. h5 Bc2 37. Kf3 Bd1+ 38. Kg3 Kd6 39. Kh4 Kd7 40. Kg5 Ke8 41. f5 Kf7 42. fxe6+ Kxe6 43. Bg7 1/2-1/2